Catálogo
 En Linea

Semántica y sintaxis en la lingúística transformatoria : (Registro nro. 39734)

Detalles MARC
000 -CABECERA
campo de control de longitud fija 00578nam a2200157 a 4500
001 - NÚMERO DE CONTROL
campo de control 000040244
005 - FECHA Y HORA DE LA ÚLTIMA TRANSACCIÓN
campo de control 20201002034015.0
008 - DATOS DE LONGITUD FIJA--INFORMACIÓN GENERAL
campo de control de longitud fija 130820s1974 sp a 000 0 spa d
020 ## - NÚMERO INTERNACIONAL ESTÁNDAR DEL LIBRO
Número Internacional Estándar del Libro 842062084X
040 ## - FUENTE DE LA CATALOGACIÓN
Centro catalogador/agencia de origen DO-SdBNP
Lengua de catalogación spa
Centro/agencia transcriptor BNPHU
245 00 - MENCIÓN DE TÍTULO
Título Semántica y sintaxis en la lingúística transformatoria :
Resto del título comienzos y centro de la polémica /
Mención de responsabilidad, etc. compilación de Víctor Sánchez de Zavala.
260 ## - PUBLICACIÓN, DISTRIBUCIÓN, ETC.
Lugar de publicación, distribución, etc. Madrid :
Nombre del editor, distribuidor, etc. Alianza Editorial,
Fecha de publicación, distribución, etc. 1974.
300 ## - DESCRIPCIÓN FÍSICA
Extensión 532 p. ;
Dimensiones 22 cm.
500 ## - NOTA GENERAL
Nota general Incluye notas al pie de las páginas
700 1# - PUNTO DE ACCESO ADICIONAL--NOMBRE DE PERSONA
Nombre de persona Sánchez de Zavala, Víctor
Término indicativo de función/relación comp.
9 (RLIN) 66512
Existencias
Estado de retiro Estado de pérdida Restricciones de uso No para préstamo Código de colección Localización permanente Ubicación/localización actual Ubicación en estantería Fecha de adquisición Número de inventario Total de préstamos Signatura topográfica completa Código de barras Fecha visto por última vez Precio válido a partir de Tipo de ítem Koha Nota pública
      Excluido de préstamo Monografías: Libros y Folletos General General En catalogación 20.08.2013 LF1   40244-10 25.06.2020 25.06.2020 No se presta Perteneció a la biblioteca personal de Carlos Larrazabal Blanco

Con tecnología Koha